Statistiques concernant Pays de la Première Guerre mondiale

Cliquez ici pour prendre le quiz!

Statistiques générales

  • Ce quiz a été pris 11 478 fois
  • Le résultat moyen est 14 sur 21

Statistiques - réponses

MortsPays% Correct
1 397 800France
100%
2 037 000Allemagne
99%
2 254 369Russie
98%
960 036Royaume-Uni
96%
116 708Etats-Unis
95%
651 000Italie
95%
1 494 200Autriche-Hongrie
90%
58 637Belgique
84%
4 661Japon
80%
64 997Canada
76%
26 000Grèce
64%
450 000Serbie
60%
62 081Australie
58%
335 706Roumanie
57%
7 222Portugal
56%
87 500Bulgarie
50%
771 844Empire ottoman
47%
18 053Nouvelle-Zélande
40%
9 592Afrique du Sud
28%
13 325Monténégro
19%
1 570Terre-Neuve
9%

Distribution des résultats

Percentile par nombre de réponses

% des personnes avec chaque résultat

Votre développement - résultats

Vous n’avez pas pris ce quiz